[Event "HCL-B135"]
[Site "www.playchess.de"]
[Date "2001.03.06"]
[Round "8"]
[White "jonte2"]
[Black "Tony"]
[WhiteElo "1581"]
[BlackElo "1500"]
[PlyCount "102"]
[Result "0-1"]

1.d4 d5 2.c4 e6 3.Nc3 Nf6 4.Bg5 c6 5.e4 dxe4 
6.Bxf6 Qxf6 7.Nxe4 Bb4+ 8.Ke2 Qf4 9.f3 f5 10.Nh3 
Qc7 11.a3 Be7 12.Ng3 O-O 13.Kf2 Rd8 14.Qd2 Qb6 
15.Rd1 Rxd4 16.Qxd4 Bc5 17.Qxc5 Qxc5+ 18.Ke1 Qe7 
19.Be2 e5 20.Bd3 Nd7 21.Nxf5 Qf6 22.Be4 Nc5 23.g4 
Nxe4 24.fxe4 Bxf5 25.gxf5 Rd8 26.Nf2 Rd4 27.Rxd4 
exd4 28.Ke2 Qg5 29.Rd1 c5 30.Kf1 Qf4 31.Kg1 h5 
32.Kg2 h4 33.Rd3 Qc1 34.b3 Qxa3 35.e5 a5 36.e6 a4 
37.bxa4 Qxa4 38.Kh3 Qxc4 39.Kg4 Qd5 40.Rf3 c4 
41.Rf4 d3 42.e7 Kf7 43.Re4 Ke8 44.f6 gxf6 45.Kxh4 
d2 46.Rg4 Qf3 47.Rg8+ Kxe7 48.Nd1 Qxd1 49.Rg7+ Kf8 
50.Rd7 Qe1+ 51.Kg4 Qe6+ 0-1

[Event "HCL-B142"]
[Site "www.playchess.de"]
[Date "2001.03.06"]
[Round "35"]
[White "nadavies_uk"]
[Black "OObuc"]
[WhiteElo "1355"]
[BlackElo "1181"]
[PlyCount "22"]
[Result "0-1"]

1.c4 e5 2.Nc3 Nc6 3.Nf3 Nf6 4.e3 Bc5 5.Nd5 Nxd5 
6.cxd5 Nb4 7.Nxe5 Qg5 8.d4 Bd6 9.e4 Qh4 10.Qf3 
Nc2+ 11.Kd1 Nxa1 0-1

[Event "HCL-B146"]
[Site "www.playchess.de"]
[Date "2001.03.06"]
[Round "10"]
[White "rikkirich"]
[Black "Sunny"]
[WhiteElo "1401"]
[BlackElo "1500"]
[PlyCount "21"]
[Result "1-0"]

1.d4 Nf6 2.c4 e6 3.e3 d5 4.c5 Be7 5.Nf3 c6 6.Bd3 
O-O 7.Nc3 h6 8.b4 Re8 9.a4 Rf8 10.O-O Qc7 
11.Re1 1-0

[Event "HCL-C054"]
[Site "www.playchess.de"]
[Date "2001.03.06"]
[Round "8"]
[White "mapofindia"]
[Black "camos"]
[WhiteElo "1000"]
[BlackElo "965"]
[PlyCount "82"]
[Result "0-1"]

1.e4 e5 2.Nc3 Nc6 3.Bb5 Nf6 4.Nf3 Bc5 5.d3 a6 
6.Ba4 b5 7.Bb3 Ng4 8.Be3 Be7 9.Qd2 Bb7 10.h3 Nxe3 
11.Qxe3 Bb4 12.O-O-O Be7 13.Nd5 Na5 14.Nxe5 c6 
15.Nf4 Qc7 16.Nxf7 Rf8 17.Nh5 Nxb3+ 18.Kb1 Nc5 
19.Nxg7+ Kxf7 20.Qd4 Bf6 21.Qxc5 Qe5 22.Qxe5 Bxe5 
23.Nf5 Ke6 24.d4 Bh8 25.g4 b4 26.e5 c5 27.Rh2 Be4 
28.Kc1 c4 29.Ne3 c3 30.b3 a5 31.a4 d5 32.Rf1 Rf3 
33.g5 Rg8 34.Rg1 h6 35.h4 h5 36.Rhg2 Rxe3 37.fxe3 
Bxg2 38.Rxg2 Rf8 39.Kd1 Rf1+ 40.Ke2 Rc1 41.Kf3 
Bg7 0-1

[Event "HCL-C090"]
[Site "www.playchess.de"]
[Date "2001.03.06"]
[Round "34"]
[White "mbshier"]
[Black "Cooldude"]
[WhiteElo "1000"]
[BlackElo "952"]
[PlyCount "59"]
[Result "1-0"]

1.Nf3 Nc6 2.d4 d5 3.e3 a6 4.c3 Bf5 5.Bd3 e6 6.O-O 
Qf6 7.Qe2 Bd6 8.Nbd2 Qg6 9.Bxf5 Qxf5 10.e4 dxe4 
11.Nxe4 Nf6 12.Re1 O-O-O 13.Nxd6+ Rxd6 14.Ne5 Re8 
15.Nxf7 Rd7 16.Ne5 Nxe5 17.Qxe5 Rf8 18.Qxf5 exf5 
19.Bf4 Nd5 20.Be5 f4 21.Re4 c5 22.Rae1 f3 23.dxc5 
Rf5 24.Bd6 b6 25.R4e5 g6 26.Rxf5 gxf5 27.Re5 Nf4 
28.Re8+ Rd8 29.Rxd8+ Kxd8 30.Bxf4 1-0

[Event "HCL-C098"]
[Site "www.playchess.de"]
[Date "2001.03.06"]
[Round "9"]
[White "LADY"]
[Black "COMETIN"]
[WhiteElo "1000"]
[BlackElo "966"]
[PlyCount "35"]
[Result "1-0"]

1.Nf3 d5 2.d4 Nc6 3.c3 f6 4.h3 e5 5.Be3 Be6 6.g4 
e4 7.Bg2 exf3 8.exf3 g5 9.b3 b5 10.Nd2 b4 11.c4 a5 
12.O-O Nge7 13.Nb1 dxc4 14.Nd2 Nxd4 15.Ne4 Nec6 
16.Bd2 cxb3 17.axb3 Nxb3 18.Rb1 1-0

[Event "HCL-C110"]
[Site "www.playchess.de"]
[Date "2001.03.06"]
[Round "21"]
[White "Flab"]
[Black "pandatrax"]
[WhiteElo "1000"]
[BlackElo "1078"]
[PlyCount "43"]
[Result "1-0"]

1.e3 e5 2.g4 Nc6 3.Bg2 Bc5 4.b3 d6 5.h3 Nf6 6.c3 
O-O 7.g5 Nd7 8.h4 f6 9.g6 h6 10.d3 Bb6 11.Nd2 Ba5 
12.Ne2 Nc5 13.Ne4 Nxe4 14.Bxe4 Bg4 15.Rg1 Bxc3+ 
16.Bd2 Bxa1 17.Qxa1 f5 18.Bd5+ Kh8 19.f3 Qxh4+ 
20.Kd1 Bh5 21.Be1 Qf6 22.Bc3 1-0

[Event "HCL-C147"]
[Site "www.playchess.de"]
[Date "2001.03.06"]
[Round "4"]
[White "love_spuds"]
[Black "arsenic"]
[WhiteElo "399"]
[BlackElo "1257"]
[PlyCount "24"]
[Result "0-1"]

1.e4 e6 2.d3 d5 3.exd5 exd5 4.Nf3 Bg4 5.h3 Bxf3 
6.Qxf3 Nf6 7.Nc3 Bb4 8.Bd2 O-O 9.O-O-O a5 10.Nb5 
c6 11.Nd4 Qb6 12.c3 Bc5 0-1

[Event "HCL-C148"]
[Site "www.playchess.de"]
[Date "2001.03.06"]
[Round "18"]
[White "Buziness"]
[Black "whoopingfunst"]
[WhiteElo "1001"]
[BlackElo "700"]
[PlyCount "31"]
[Result "1-0"]

1.e4 e5 2.d4 exd4 3.Qxd4 Nc6 {tell liz you have to 
sleep with her}  4.Qc4 Nf6 5.Nf3 d5 6.exd5 Qxd5 
7.Qf4 Bd6 8.Qe3+ Be6 9.Nc3 Bb4 10.a3 Bxc3+ 11.Qxc3 
O-O-O 12.Be3 Ne4 13.Qxg7 Qa5+ 14.c3 f6 15.b4 Qe5 
16.Nxe5 1-0

[Event "HCL-C148"]
[Site "www.playchess.de"]
[Date "2001.03.06"]
[Round "19"]
[White "babycakes"]
[Black "Buziness"]
[WhiteElo "661"]
[BlackElo "1001"]
[PlyCount "30"]
[Result "0-1"]

1.e4 e5 2.Nf3 Bc5 3.Nxe5 Qf6 4.Nd3 Qd4 5.Nxc5 Qxc5 
6.d4 Qc6 7.d5 Qb6 8.b3 Qb4+ 9.Bd2 Qxe4+ 10.Be3 
Qb4+ 11.c3 Qa5 12.Bc4 Nf6 13.b4 {Ooh dear, that is 
a bad one.}  b5 {Yes !! Stupid !!}  14.bxa5 a6 
15.Bb3 {Are you ill or something? Why not pawn x 
Bishop?}  O-O {ll, yes !!}  0-1

[Event "HCL-E003"]
[Site "www.playchess.de"]
[Date "2001.03.06"]
[Round "31"]
[White "Bronislaw"]
[Black "FD515"]
[WhiteElo "2255"]
[BlackElo "2000"]
[PlyCount "115"]
[Result "1-0"]

1.e4 e5 2.Nf3 Nc6 3.Bc4 Bc5 4.c3 Nf6 5.d3 O-O 
6.O-O Be7 7.b4 d6 8.Nbd2 d5 9.exd5 Nxd5 10.Ne4 Bg4 
11.a4 a6 12.Bb2 Nb6 13.Bb3 Nd5 14.h3 Be6 15.Re1 f6 
16.d4 f5 17.Nc5 Bxc5 18.bxc5 e4 19.c4 Nf4 20.d5 
Nd3 21.dxc6 Nxb2 22.Qxd8 Raxd8 23.cxb7 Nd3 24.Ng5 
Bd7 25.c6 Bxc6 26.c5+ Kh8 27.Re2 Nxc5 28.Nf7+ Rxf7 
29.Bxf7 Nxb7 30.Be6 Bxa4 31.Bxf5 Nc5 32.Bxe4 Bb5 
33.Re3 Nxe4 34.Rxe4 c5 35.Re7 {Sorry! Not yet!}  
c4 36.Rc7 Kg8 37.h4 Kf8 38.Ra2 Rd5 39.g3 Rd1+ 
40.Kg2 Rd6 41.Ra3 {!}  Rd3 42.Ra1 Rd6 43.Ra3 Rd3 
44.Ra2 Rd6 45.f3 Re6 46.g4 Re7 47.Rc5 Rd7 48.Re2 
g6 49.Re6 Kf7 50.Rb6 Ke7 51.h5 gxh5 52.Rxh5 Kf8 
53.Rc5 Ke7 54.f4 Rd6 55.Rb7+ Rd7 56.Rxd7+ Kxd7 
57.f5 h6 58.Re5 1-0

[Event "HCL-E016"]
[Site "www.playchess.de"]
[Date "2001.03.06"]
[Round "29"]
[White "ARMAGEDON_8"]
[Black "DKCozy"]
[WhiteElo "2263"]
[BlackElo "1751"]
[PlyCount "75"]
[Result "1-0"]

1.d4 d5 2.c4 e5 3.dxe5 d4 4.Nf3 Nc6 5.g3 Be6 
6.Nbd2 Nge7 7.Bg2 Qd7 8.O-O Rd8 9.Ng5 Nxe5 
{Interesting, Havent played that variant before, 
normal is Qb3 or d2-b3 !}  10.Nxe6 {these moves 
are good,but I think that your king is in the 
centre and not to the queenside}  fxe6 11.Qb3 c6 
12.Ne4 N7g6 {THAT move deserve !!!!!!!!!!!  dident 
see it comming !}  13.c5 Be7 14.Rd1 Qc8 15.e3 d3 
16.f4 Ng4 17.Bh3 h5 18.Rxd3 O-O 19.Nd6 Bxd6 
20.cxd6 Qd7 21.e4 Rf7 22.Bxg4 hxg4 23.Be3 b6 
24.Qd1 {THE POSITION I THINK THAT IS COMPLETELY 
LOST FOR YOU.}  c5 25.Qxg4 Nf8 {You might be right 
but I still have a few tactikal moves, want to try 
them before I resighn !}  26.e5 {HOPE DIES 
LAST,OK.}  Rf5 27.Re1 Qf7 28.Bf2 Nd7 29.Ra3 a5 
30.Rc3 Rf8 31.Rce3 c4 32.R3e4 b5 33.a4 bxa4 34.Qe2 
g5 35.Qxc4 gxf4 36.gxf4 Nxe5 37.R4xe5 {THE KNIGHT 
MOVE WAS A MISTAKE}  Rxf4 38.Rg5+ 1-0

[Event "ACL-A048"]
[Site "www.playchess.de"]
[Date "2001.03.06"]
[Round "25"]
[White "BruceWillis"]
[Black "Spiridonas"]
[WhiteElo "1500"]
[BlackElo "1500"]
[PlyCount "54"]
[Result "0-1"]

1.e4 b6 2.d4 Bb7 3.Bd3 g6 4.Nf3 Bg7 5.O-O d6 6.Re1 
Nd7 7.c3 e6 8.Bg5 Ne7 9.Nbd2 h6 10.Bh4 g5 11.Bg3 
Ng6 12.h3 h5 13.Nc4 g4 14.hxg4 hxg4 15.Nh2 Rxh2 
16.Kxh2 Qg5 17.Ne3 O-O-O 18.Qxg4 Rh8+ 19.Kg1 Qh6 
20.f4 Nf6 21.Qg5 Qh7 22.Ng4 Nxe4 23.Bxe4 Bxe4 
24.Kf2 Bd5 25.Nf6 Bxf6 26.Qxf6 Rg8 27.Reh1 
Nh4 0-1

[Event "HCL-C153"]
[Site "www.playchess.de"]
[Date "2001.03.06"]
[Round "4"]
[White "Filk"]
[Black "vulcan"]
[WhiteElo "1298"]
[BlackElo "988"]
[PlyCount "24"]
[Result "0-1"]

1.e4 {Hi, and good luck.}  e6 {live long and 
prosper!}  2.d4 d5 3.e5 c5 4.c3 Nc6 5.Nf3 Qb6 
6.Be2 cxd4 7.cxd4 Nge7 8.O-O Nf5 9.Be3 Qxb2 
10.Nbd2 Ncxd4 11.Nxd4 Nxd4 12.Rb1 
Nxe2+ 0-1

[Event "HCL-B148"]
[Site "www.playchess.de"]
[Date "2001.03.06"]
[Round "32"]
[White "msmsk"]
[Black "Gruhni"]
[WhiteElo "1566"]
[BlackElo "1354"]
[PlyCount "49"]
[Result "1-0"]

1.b4 e5 2.Bb2 f6 3.e4 Bxb4 4.Bc4 Ne7 5.f4 Nec6 
6.fxe5 fxe5 7.Nf3 d6 8.O-O Bc5+ 9.Kh1 Bg4 10.Bf7+ 
Ke7 11.Qe1 Nd7 12.Bd5 Rf8 13.Qg3 Nf6 14.Bxc6 bxc6 
15.Nxe5 dxe5 16.Qxe5+ Kf7 17.Qxc5 Kg8 18.Qc4+ Kh8 
19.d3 Qd6 20.Na3 Be2 21.e5 Qd5 22.exf6 Bxf1 
23.fxg7+ Kg8 24.gxf8R+ {%}  Rxf8 
25.Qg4+ 1-0

[Event "HCL-B150"]
[Site "www.playchess.de"]
[Date "2001.03.06"]
[Round "19"]
[White "victor"]
[Black "warlock"]
[WhiteElo "1200"]
[BlackElo "1200"]
[PlyCount "50"]
[Result "0-1"]

1.e4 c5 2.c3 d5 3.exd5 Qxd5 4.d4 Nc6 5.Nf3 Bg4 
6.Bb5 Bxf3 7.Bxc6+ Qxc6 8.Qxf3 Qxf3 9.gxf3 cxd4 
10.cxd4 e6 11.Nc3 Bb4 12.Rg1 g6 13.Bd2 Rd8 14.Nb5 
Bxd2+ 15.Kxd2 a6 16.Nc3 Rxd4+ 17.Kc2 Ne7 18.Rg4 
Nc6 19.Rd1 Rxd1 20.Kxd1 Ke7 21.Kc2 Rd8 22.Rc4 Nd4+ 
23.Kb1 Nxf3 24.Rc7+ Rd7 25.Rc4 
Nd2+ 0-1

[Event "ACL-A083"]
[Site "www.playchess.de"]
[Date "2001.03.06"]
[Round "1"]
[White "iq160"]
[Black "stud"]
[WhiteElo "1676"]
[BlackElo "1500"]
[PlyCount "40"]
[Result "0-1"]

1.e4 e5 {hey gl 2 u}  2.Nf3 Nc6 3.d4 exd4 4.Nxd4 
Qf6 5.Be3 Bc5 6.c3 d6 7.Bb5 Bd7 8.O-O Nge7 9.Nxc6 
bxc6 10.Bc4 Bb6 11.Bd4 Qg6 12.Bxb6 {I'm gonna have 
a break for a couple of days, so long.}  cxb6 
13.Ba6 O-O {i dont like the free pawn, u get too 
much developement}  14.c4 {I changed my 
playingstyle. I recently succeded with passers}  
Bh3 15.Qf3 Bg4 16.Qf4 f5 17.f3 Bh5 18.Nc3 fxe4 
19.Qxe4 Qxe4 20.Nxe4 Rad8 {no draw, later maybe} 
 0-1

[Event "HCL-A071"]
[Site "www.playchess.de"]
[Date "2001.03.06"]
[Round "14"]
[White "Spiridonas"]
[Black "Bishopf7"]
[WhiteElo "1592"]
[BlackElo "1700"]
[PlyCount "21"]
[Result "1-0"]

1.Nf3 g6 2.d4 Bg7 3.c4 Nf6 4.Nc3 d6 5.e4 O-O 6.h3 
Nbd7 7.Be3 e5 8.d5 Nc5 9.Bd3 Nxd3+ 10.Qxd3 Nh5 
11.g4 1-0

[Event "HCL-B162"]
[Site "www.playchess.de"]
[Date "2001.03.06"]
[Round "15"]
[White "Jeff_Foster"]
[Black "iq160"]
[WhiteElo "1333"]
[BlackElo "998"]
[PlyCount "34"]
[Result "1/2-1/2"]

1.d4 d5 2.c4 c6 3.Nc3 dxc4 4.e4 b5 5.a4 b4 6.Na2 
Nf6 7.e5 Nd5 8.Bxc4 e6 9.Nf3 Be7 10.O-O a5 11.Be3 
Nxe3 12.fxe3 c5 13.Qc2 Ba6 14.b3 cxd4 15.Bxa6 Rxa6 
16.Nxd4 O-O 17.Rad1 Qb6 1/2-1/2

[Event "HCL-C168"]
[Site "www.playchess.de"]
[Date "2001.03.06"]
[Round "7"]
[White "JRockne"]
[Black "sonnygarcia"]
[WhiteElo "598"]
[BlackElo "1116"]
[PlyCount "31"]
[Result "1-0"]

1.e4 e6 2.d4 d5 3.Nc3 Bb4 4.Bd2 Nc6 5.Nf3 Bxc3 
6.Bxc3 dxe4 7.Nd2 Nf6 8.Qe2 Qd5 9.Qe3 O-O 10.Bc4 
Qd6 11.Nxe4 Nxe4 12.Qxe4 Bd7 13.O-O f5 14.Qd3 Be8 
15.Rae1 Bg6 16.Rxe6 1-0

[Event "HCL-B160"]
[Site "www.playchess.de"]
[Date "2001.03.06"]
[Round "14"]
[White "waz2000"]
[Black "jonte2"]
[WhiteElo "1967"]
[BlackElo "1581"]
[PlyCount "41"]
[Result "1-0"]

1.Nf3 Nf6 2.d4 d5 3.c4 dxc4 4.e3 b5 5.a4 c6 6.b3 
cxb3 7.axb5 Be6 8.Nc3 cxb5 9.Bxb5+ Nbd7 10.Ng5 Qc8 
11.Nxe6 Qxc3+ 12.Bd2 Qc8 13.Rc1 fxe6 14.Rxc8+ Rxc8 
15.Qxb3 Rc7 16.Qxe6 Rc2 17.Ba5 Rc1+ 18.Ke2 Rxh1 
19.Bc4 Nb6 20.Bxb6 axb6 21.Qc8+ 1-0

[Event "HCL-B160"]
[Site "www.playchess.de"]
[Date "2001.03.06"]
[Round "16"]
[White "Riza"]
[Black "King_Safety"]
[WhiteElo "1321"]
[BlackElo "1269"]
[PlyCount "44"]
[Result "0-1"]

1.e4 c6 {Greetings from Canada! Good luck in the 
tournament.}  2.d4 d5 3.Nc3 {u 2}  dxe4 4.Nxe4 Nd7 
5.Nf3 Ngf6 6.Nxf6+ Nxf6 7.Be2 Bf5 8.O-O e6 9.c3 
Be7 10.Nh4 O-O 11.Nxf5 Bd6 12.Nxd6 Qxd6 13.Bg5 Qd8 
14.Qc2 Qd5 15.Bxf6 gxf6 16.Bf3 Qd6 17.Qe4 f5 
18.Qh4 Rab8 19.Qf6 b5 20.Rad1 Rbd8 21.Be2 a5 22.f4 
Qd5 0-1

[Event "HCL-A072"]
[Site "www.playchess.de"]
[Date "2001.03.06"]
[Round "22"]
[White "peze"]
[Black "Flemming"]
[WhiteElo "1959"]
[BlackElo "1350"]
[PlyCount "73"]
[Result "1-0"]

1.e4 {Hello again!}  c6 {Hi Peter! You look like 
winning the other tournament now. I think Klypp 
and I will draw.}  2.d4 {Hi Flemming! Thank you 
for information and Good Luck for this game.}  d5 
{Thanks! Do you have any comments to my 
annotations of our previous game?}  3.Nc3 {Ich 
sehe mir die Partie nochmal an und werde kurz 
kommentieren. Ich meine Du verstehst Deutsch.}  
dxe4 {Ja! Du kanst ruhig Deutch schreiben!}  
4.Nxe4 {Zum 1. Spiel kommt mail.}  Nf6 {Ich will 
deine kommentaren zum 1. spiel einbauen}  5.Nxf6+ 
gxf6 6.c3 Bf5 7.Nf3 Qc7 8.g3 Nd7 9.Bg2 O-O-O 
10.O-O e6 11.b4 Kb8 12.Bf4 Bd6 13.Bxd6 Qxd6 14.Nh4 
Bg6 15.a4 f5 16.b5 c5 17.Qf3 Qd5 18.Qf4+ e5 
19.Bxd5 exf4 20.Bf3 cxd4 {Spielst Du immer 
schack?!}  21.cxd4 {Ja, seit meiner Jugend spiele 
ich Schach. Also etwa 45 Jahre lang. Ich bin jetzt 
54 Jahre alt.}  Nf6 22.Rfd1 Rd7 23.Rac1 Rhd8 
24.Rc4 fxg3 25.hxg3 Nd5 26.Ng2 Nb6 27.Rb4 Nd5 
28.Bxd5 R7xd5 29.Nf4 R5d6 30.Kf1 Re8 31.Rc4 f6 
32.f3 Re3 33.Kf2 Bf7 34.Kxe3 Bxc4 35.d5 Bb3 36.Rd4 
Kc7 37.Kd2 {Tut mir leid Flemming. Mit dem Läufer 
auf b3 wirst Du auch die Partie verlieren. Sorry!} 
 1-0

[Event "ACL-A091"]
[Site "www.playchess.de"]
[Date "2001.03.06"]
[Round "10"]
[White "Habi"]
[Black "Iaret"]
[WhiteElo "1403"]
[BlackElo "1500"]
[PlyCount "45"]
[Result "1-0"]

1.e4 c5 2.Nf3 Nc6 3.d4 cxd4 4.Nxd4 Nf6 5.Nc3 e5 
6.Ndb5 d6 7.Bg5 a6 8.Na3 b5 9.Bxf6 gxf6 10.Nd5 f5 
11.Bd3 Be6 12.O-O Rg8 13.c4 Nd4 14.cxb5 Rb8 
15.bxa6 Bxd5 16.exd5 Qa5 17.Nc4 Qxd5 18.Ne3 Qa5 
19.Nxf5 Nxf5 20.Bxf5 Qxa6 21.Re1 Rxb2 22.Rxe5+ 
dxe5 23.Qd7+ 1-0

[Event "HCL-B171"]
[Site "www.playchess.de"]
[Date "2001.03.06"]
[Round "12"]
[White "Westqualmer"]
[Black "janus"]
[WhiteElo "1842"]
[BlackElo "1734"]
[PlyCount "98"]
[Result "0-1"]

1.e4 Nc6 2.Nf3 e5 3.Bc4 Nf6 4.Ng5 d5 5.exd5 Na5 
6.Bb5+ c6 7.dxc6 bxc6 8.Be2 h6 9.Nf3 e4 10.Ne5 Qc7 
{Damit sind meine Theoriekenntnisse am Ende !!}  
11.d4 {mir ist die sache noch bekannt.}  Bd6 {Das 
habe ich mir gedacht !! Spielst Du im Verein ??}  
12.Bd2 {ja schon einige jahre. und du?}  Nb7 {Ich 
bin nur ein "Hobbypatzer" und habe früher 
Fernschach gespielt.}  13.O-O {fernschach spiele 
ich nebenbei auch noch.}  Bxe5 {Meister- oder 
Hauptturnierklasse ? Woher nimmst Du die Zeit ;-)) 
?}  14.dxe5 {derzeit nur bei dem pokalturnier. man 
hat doch genug bedenkzeit.}  Qxe5 {Das stimmt - 
allerdings ist es mir inzwischen zu teuer !}  
15.Bc3 {ja mir auch. spiel nur noch dieses turnier 
fertig.}  Qe6 {Wie schätzt Du unsere Stellung ein 
- ich denke, sie ist =}  16.Re1 {schwer zu sagen, 
aber ich finde ich habe schon noch vorteil}  O-O 
{Einen leichten Vorteil - vor allem durch das 
Läuferpaar}  17.Nd2 {stimmt. nur haben die derzeit 
wenig wirkung}  Nd5 {Ich arbeite daran, daß es so 
bleibt *grins* !!}  18.Bc4 {schein wir mal ;c)}  
Nd6 {OK !}  19.Bxd5 {muss wohl das läuferpaar 
aufgeben.}  cxd5 {Ja - das Schlagen war wohl der 
beste Zug.}  20.Nb3 {muss ich halt guggen, ob ich 
den rückständigen ausnützen kann.}  Re8 {Das ist 
mein "Sorgenkind" - stark oder schwach ??}  21.Nc5 
{ich denke mal im augenblick ist er schwach.}  Qf5 
{Es scheint so - am Montag kann ich wieder öfter 
ziehen !!}  22.Qd4 {wochenende bin ich auch selten 
hier...}  Qg5 {Es gibt also auch für Dich noch 
etwas anderes als Schach *grins* !}  23.h4 {ja, 
wochenende ist öfters "realschach" angesagt ;c)}  
Qg6 {Ein feiner Zug von Dir - jetzt muß ich wohl 
einen Bauern geben !!}  24.Qxd5 {hoffentlich waren 
meine ganzen züge auch den bauern wert!?!?}  Bh3 
{Mal sehen - vielleicht habe ich einen Konter 
gefunden ?!}  25.g3 {darauf hab ich ja nur einen 
zug.}  Rad8 {Ja - und ich glaube, daß Schwarz 
jetzt recht gutes Spiel bekommt !}  26.Ba5 
{jedenfalls kompensiert dein gegenspiel den 
bauern.}  Rdc8 {Ich bin zurück - war auf einem 
Seminar.}  27.Kh2 {hoffe es hat spaß dort gemacht} 
 Bg4 {Ja - viel gelernt und auch viel gelacht !!!} 
 28.Bc3 {diese woche ging ja in unserer partie 
nicht viel voran.}  Bf3 {Stimmt - aber am Mobtag 
bin ich wieder im Home-Ofiice und dann ... !}  
29.Nd7 {so, bin nun auch wieder zurück}  Nc4 {Das 
freut mich - habe Dich schon vermißt *grins* !!!}  
30.Qd4 {ich vermisse die partie nicht.}  e3 {Das 
klingt ein wenig frustriert ??}  31.b3 {frustriert 
nich. der bauer war halt vergiftet.}  Re4 {Stimmt 
- war aber nicht einfach zu sehen !!}  32.Qxg7+ 
{ich habs jedenfalls so weit nicht gesehen.}  Qxg7 
{Es kommt wahrscheinlich zu einem Endspiel mit 
einer schwarzen Mehrfigur - wird spannend !}  
33.Bxg7 {spannend wirds wohl kaum. jedenfalls bin 
ich heut kaum da. hab freundin gest. ins 
krankenhaus gefahn}  Kxg7 {Hoffentlich nichts 
Ernstes - auf jeden Fall gute Besserung 
unbekannterweise !!!}  34.bxc4 {ne nur der 
blinddarm. komisch. zwei bauern gerade mehr und so 
schlecht stehen ;c(}  Bg4 {Ja - die beiden Bauern 
waren mein Einsatz für diese Angriffsposition ;-) 
!}  35.f3 {ja, das habe ich auch mitbekommen ;c)}  
Bxf3 {Du klingst irgendwie recht sauer - 
hoffentlich nicht auf mich ?!}  36.Ref1 {ne, 
wusste nur noch nich was mit der op war.}  Be2 
{Dann bin ich beruhigt ! Wann ist denn die OP ?}  
37.Rf4 {die war schon. hab halt erst vor kurzem 
erfahren, dass alles gut ging.}  Rexc4 {Eine gute 
Nachricht - jetzt hast Du bestimmt den Kopf wieder 
frei !!}  38.Ne5 {das kommt aber sicher zu spät}  
Rxf4 {Ja - wahrscheinlivch ist die Partie für 
Schwarz gewonnen.}  39.gxf4 {sieht so aus. aber 
ein wenig geduld musst du zum sieg noch haben.}  
Rxc2 {Ist absolut in Ordnung - Fehler sind ja 
schließlich nicht ausgeschlossen !!}  40.Kg3 {auf 
einen fehler deinerseits kann man in dieser 
stellung nich mehr hoffen.}  Bh5 {Naja - warten 
wir es ab. Ist mit Deiner Freundin alles in 
Ordnung ??}  41.a4 {ja, ist wieder zu hause. nur 
noch ein paar schmerzen.}  e2 {Dann mußt Du sie 
richtig verwöhnen !!!}  42.Kf2 {das mach ich doch 
nicht nur weil sie krank ist.}  Kf6 {War auch nur 
ein Scherz *g* !! Wie stehen Deine anderen Partien 
?}  43.a5 {wesentlich besser als in diesen hier.}  
Kf5 {Guten Morgen ! Bestimmt treffen wir in einer 
höheren Klasse erneut aufeinander !!}  44.Nd3 
{denke ich auch, denn in den anderen gruppen läuft 
es besser bei mir.}  Rd2 {Ich drücke Dir die 
Daumen und wünsche viel Erfolg !!!}  45.Ra3 {das 
wünsch ich dir natürlich auch weiterhin...!}  Rd1 
{Vielen Dank ! Ist eine sehr schöne Partie - hätte 
ich auch bei einer Niederlage gesagt !!}  46.Ne1 
{normal spiel ich gar nicht 3.Lc4. Hab aber 
gesehen das Du drauf Sf6 spielst. Da versuchte ich 
es mal}  Kxf4 {Ja - ich halte 3. Sf6 für besser 
als Lc5, denn darauf befürchte ich immer das 
Evans-Gambit !!}  47.a6 {da kann ich dich 
beruhigen. das hätte ich nicht gespielt.}  Kf5 
{Was spielst Du sonst - spanisch oder schottisch 
??}  48.Ra2 {normal spiel ich 1.d4}  Bg4 {Darauf 
ist meine Standard-Verteidigung Grünfeld- oder 
Königsindisch.}  49.Rb2 {ich sags mal so. ich 
spiel im nahschach fast nur d4.}  Ra1 {In welcher 
Liga spielst Du eigentlich ?}  0-1

[Event "HCL-C178"]
[Site "www.playchess.de"]
[Date "2001.03.06"]
[Round "2"]
[White "ictus"]
[Black "dakini"]
[WhiteElo "1276"]
[BlackElo "1438"]
[PlyCount "53"]
[Result "1-0"]

1.e4 e5 2.Nf3 Nf6 3.Nxe5 d6 4.Nf3 Nxe4 5.Be2 Bg4 
6.d3 Nc5 7.O-O Nbd7 8.Nc3 Ne5 9.Nxe5 Bxe2 10.Qxe2 
dxe5 11.Qxe5+ Ne6 12.Re1 Qd6 13.Qxd6 Bxd6 14.Nd5 
O-O 15.Bd2 Nd4 16.Rac1 c6 17.Ne7+ Kh8 18.Bc3 Ne2+ 
19.Rxe2 Bxe7 20.Rxe7 Rfe8 21.Rce1 Rxe7 22.Rxe7 Kg8 
23.Rxb7 Re8 24.Rxa7 h6 25.Rc7 Re2 26.Rxc6 Rxc2 
27.h3 1-0

[Event "ACL-A093"]
[Site "www.playchess.de"]
[Date "2001.03.06"]
[Round "19"]
[White "deepcover"]
[Black "peze2"]
[WhiteElo "1735"]
[BlackElo "2014"]
[PlyCount "112"]
[Result "0-1"]

1.d4 Nf6 2.c4 e6 3.Nc3 Bb4 4.Qc2 O-O 5.a3 Bxc3+ 
6.Qxc3 b6 7.Bg5 Ba6 8.e3 d6 9.Bd3 Nbd7 10.Ne2 h6 
11.Bh4 c5 12.b4 cxd4 13.exd4 Rc8 14.Qb3 e5 15.Rc1 
d5 16.cxd5 Rxc1+ 17.Nxc1 Bb7 18.Bxf6 Nxf6 19.dxe5 
Bxd5 20.Qb2 Nh5 21.f3 Qh4+ 22.Qf2 Qg5 23.O-O Nf4 
24.Kh1 Qxe5 25.Be4 Qc3 26.Ne2 Nxe2 27.Bxd5 Nf4 
28.Be4 Qxa3 29.Qd2 Ne6 30.Rd1 a5 31.bxa5 Qxa5 
32.Qc2 Rd8 33.Rxd8+ Nxd8 34.g3 b5 35.Kg2 b4 36.Qc4 
Qb6 37.Bd5 g6 38.Qe4 Kf8 39.Bb3 Qd6 40.Bd5 Qc5 
41.f4 Qc3 42.Qe5 Qc2+ 43.Kh3 Qc5 44.Kg4 Ne6 45.Kh3 
Ke7 46.Qe4 Qd4 47.Qf3 g5 48.Bxe6 Kxe6 49.Qc6+ Ke7 
50.Qxh6 Qd5 51.Qh7 b3 52.fxg5 Qe6+ 53.Kh4 Qg6 
54.Qh8 f6 55.Qa8 Qxg5+ 56.Kh3 Qh5+ 0-1

[Event "HCL-C179"]
[Site "www.playchess.de"]
[Date "2001.03.06"]
[Round "3"]
[White "patzer"]
[Black "Chill"]
[WhiteElo "1115"]
[BlackElo "832"]
[PlyCount "37"]
[Result "1-0"]

1.e4 c5 2.Nf3 Nc6 3.Bb5 g6 4.d4 cxd4 5.Nxd4 Bg7 
6.Bxc6 dxc6 7.Nc3 Qxd4 8.Qxd4 Bxd4 {gg}  9.O-O 
Bxc3 10.bxc3 Nf6 11.Re1 O-O 12.e5 Ne8 13.Bh6 Ng7 
14.Rad1 Be6 15.Rdb1 b6 16.a3 Rfd8 17.Rbd1 Nf5 
18.Bg5 h6 19.Bf4 1-0

[Event "HCL-A078"]
[Site "www.playchess.de"]
[Date "2001.03.06"]
[Round "2"]
[White "teenspirit"]
[Black "bondegnasker"]
[WhiteElo "1732"]
[BlackElo "1610"]
[PlyCount "22"]
[Result "0-1"]

1.e4 {Hi again!}  c5 {Hi!}  2.Nf3 e6 3.d4 cxd4 
4.Nxd4 Nf6 5.f3 Nc6 6.Be3 Qb6 7.c3 Qxb2 8.Nb3 Bb4 
9.cxb4 Nxb4 10.Bc1 Qe5 11.Qd2 Nxe4 0-1